| 000 | 01172cam a2200349 a 4500 | ||
|---|---|---|---|
| 003 | CHAP | ||
| 005 | 20220817043621.0 | ||
| 008 | 000215d1999 ingab r 00010 enk d | ||
| 010 | _a79873 | ||
| 011 | _a80845 | ||
| 020 | _a0340676450 | ||
| 035 | _a91299 | ||
| 040 | _cCHAP | ||
| 082 | 0 | 4 | _a628.1 G7 |
| 100 | 0 | 0 |
_aGray, N. F. _950504 |
| 245 | 1 | 0 |
_aWater technology : _ban introduction for scientists and engineers _c/by N. F. Gray |
| 260 |
_aLondon : _bArnold, _c1999. |
||
| 300 |
_a548 p. : _bilus. ; gráfs., mapas |
||
| 590 |
_aBATCH-UPD _b10 _c20130110 _lUCH01 _h0828 |
||
| 590 |
_aBATCH-UPD _b10 _c20130410 _lUCH01 _h0506 |
||
| 590 |
_aBATCH-UPD _b10 _c20130913 _lUCH01 _h2237 |
||
| 590 |
_aCONVERSION _b10 _c20130109 _lUCH01 _h1344 |
||
| 650 | 1 | 4 |
_aAgua _xAnálisis. _92280 |
| 650 | 1 | 4 |
_aAgua _xCalidad. _92316 |
| 650 | 1 | 4 |
_aAguas residuales _xPurificacion. _92588 |
| 650 | 1 | 4 | _aRecursos hidraulicos. |
| 901 | _aBK | ||
| 905 | _aBlanca M. García O. | ||
| 942 | _cLIBRO | ||
| 949 |
_a628.1 G7 _bBC _cLIBRO _d33724000740387 _eLIBRO _gI. 200908 _h96894 _i91299 _si _t$582.00 |
||
| 949 |
_a628.1 G7 _bBC _cLIBRO _d33724000847315 _eLIBRO _fc.2 _gI. 213558 _h102084 _i91299 _sb _t$800.00 |
||
| 999 |
_c79873 _d79873 |
||